00367 2200145 4500001002100000005001500021035002000036082000800056084001200064245007700076260003900153300000700192990001100199990001100210INLIS00000000000263220250605032238 a0010-0625000218 a200 a200 KES aKeseimbangan Peningkatan IMTAK Dengan Penguasaan IPTEK /cAgustami, S.Pd aJakarta :bPT. Dian Ariesta,c2002 a70 a032097 a032098